Ruiny Zamków w Lubelskim - Statystyki

Ogólne statystyki
  • Ten quiz został rozwiązany 15 razy
  • Średni wynik to 2 z 9
Statystyki odpowiedzi
Miejscowość % Poprawnych
Kazimierz Dolny
86%
Janowiec
57%
Krupe
50%
Bochotnica
14%
Stołpie
14%
Bieławin
7%
Bystrzyca Nowa
0%
Sielec
0%
Skierbieszów
0%
Nie znaleziono quizów pasujących do podanych kryteriów
Rozkład punktacji
Procent ludzi z każdym wynikiem
Percentyl według liczby udzielonych odpowiedzi
Twoja historia wyników
Nie rozwiązałeś tego quizu